Normal view
MARC view
- Hill, John William
Entry Personal Name
001 - CONTROL NUMBER
- control field: 99704
003 - CONTROL NUMBER IDENTIFIER
- control field: NUST
005 - DATE AND TIME OF LATEST TRANSACTION
- control field: 20221010144205.0
008 - FIXED-LENGTH DATA ELEMENTS
- fixed length control field: 221010|| aca||aabn | a|a d
040 ## - CATALOGING SOURCE
- Original cataloging agency: NUST
- Transcribing agency: NUST
100 ## - HEADING--PERSONAL NAME
- Personal name: Hill, John William
670 ## - SOURCE DATA FOUND
- Source citation: Work cat.: (NUST)183328: Hill, John William,, Chemistry for changing times /, c1988.
